[Event "Calvia ol (Men)"]
[Site "Mallorca (Spain)"]
[Date "2004.10.25"]
[Round "10.47"]
[White "Prasca, Raphael"]
[Black "Pukkila, Markku"]
[Result "1-0"]
[WhiteElo "2396"]
[BlackElo "2181"]
[PlyCount "131"]
[EventDate "2004.10.15"]

1. e4 c5 2. c3 d5 3. exd5 Qxd5 4. d4 e6 5. Nf3 Nf6 6. Be2 Be7 7. Be3 Ng4 8. Bf4
O-O 9. O-O Nc6 10. Ne5 Ngxe5 11. dxe5 Qxd1 12. Rxd1 Rd8 13. Na3 Bd7 14. Nc4
Rab8 15. a4 b6 16. Bf3 Na5 17. Nxa5 bxa5 18. Rdb1 Kf8 19. b3 Rb6 20. c4 Bc6 21.
Bd1 Rd7 22. Bc2 g6 23. Rd1 Rbb7 24. Bd2 Bd8 25. Bc3 Ke7 26. Rf1 Bb6 27. f4 h5
28. h3 Rb8 29. g3 Bc7 30. Rf2 Rh8 31. Re1 Rh7 32. Rh2 Rd8 33. Kf2 Bb6 34. Ke3
Bc7 35. Ree2 Bb6 36. Be1 Bc7 37. Bf2 Bb6 38. Bg1 Rdh8 39. Kd2 Bb7 40. Kc3 Bc6
41. Be3 Kd7 42. Rd2+ Kc7 43. Bg1 Rd8 44. Rxd8 Kxd8 45. Kd2 Rh8 46. Ke1 Kc7 47.
Kf2 Bb7 48. g4 hxg4 49. hxg4 Rxh2+ 50. Bxh2 Kd8 51. Kg3 Ke7 52. Bg1 Bc6 53. Be3
Bb7 54. Kh4 Bc6 55. Kg5 Bd7 56. Kh6 Bc6 57. Kg7 Bf3 58. f5 exf5 59. gxf5 gxf5
60. Bxf5 Bc6 61. Bg5+ Ke8 62. Bg4 Bc7 63. Bf6 Be4 64. Bh5 Bg6 65. Bxg6 fxg6 66.
Kxg6 1-0

[Event "Calvia ol (Men)"]
[Site "Mallorca (Spain)"]
[Date "2004.10.25"]
[Round "10.64"]
[White "Krylov, Sergey"]
[Black "Sammalvuo, Tapani"]
[Result "0-1"]
[WhiteElo "2407"]
[BlackElo "2438"]
[PlyCount "78"]
[EventDate "2004.10.15"]

1. e4 c5 2. Nf3 d6 3. d4 cxd4 4. Nxd4 Nf6 5. Nc3 a6 6. Be3 e6 7. f3 b5 8. g4 h6
9. Qd2 Nbd7 10. O-O-O Bb7 11. h4 b4 12. Na4 Qa5 13. b3 Be7 14. Rh3 Nc5 15. a3
Rc8 16. Qxb4 Qc7 17. Nxc5 dxc5 18. Qa4+ Nd7 19. Ne2 Bc6 20. Qxa6 Ra8 21. Qd3
Rxa3 22. g5 hxg5 23. Bxg5 Bxg5+ 24. hxg5 Rxh3 25. Bxh3 Ra1+ 26. Kb2 Ne5 27. Qd2
Nxf3 28. Qd6 Qxd6 29. Rxd6 Ra6 30. g6 Bb5 31. gxf7+ Kxf7 32. Bxe6+ Kf6 33. Rxa6
Bxa6 34. Bc4 Bxc4 35. bxc4 Ke5 36. Kb3 Nd4+ 37. Nxd4 Kxd4 38. e5 Kxe5 39. Kc3
Ke4 0-1

[Event "Calvia ol (Men)"]
[Site "Mallorca (Spain)"]
[Date "2004.10.25"]
[Round "10.64"]
[White "Karttunen, Mika"]
[Black "Berlinsky, Vladimir"]
[Result "1-0"]
[WhiteElo "2413"]
[BlackElo "2347"]
[PlyCount "133"]
[EventDate "2004.10.15"]

1. d4 Nf6 2. Bg5 Ne4 3. Bf4 c5 4. f3 Nf6 5. d5 d6 6. e4 g6 7. Bb5+ Bd7 8. Bxd7+
Nbxd7 9. c3 Bg7 10. Nh3 O-O 11. O-O b5 12. Qd2 c4 13. Na3 a6 14. Kh1 Nc5 15.
Nf2 Nfd7 16. Nc2 Ne5 17. Nb4 Qc7 18. Bxe5 Bxe5 19. f4 Bg7 20. Rae1 e5 21. f5 f6
22. g4 g5 23. Nc6 a5 24. Qc2 a4 25. Kg2 Kf7 26. h4 h6 27. Rh1 Rh8 28. Re3 gxh4
29. a3 Rag8 30. Rxh4 Bf8 31. Reh3 Ke8 32. Nb4 Rg5 33. Qe2 Rhg8 34. Kf1 Rh8 35.
Nc2 Rh7 36. Ne1 Rg8 37. Nf3 Qb6 38. Rh1 Nb3 39. Qe1 Qa7 40. Rh5 Qf7 41. Nh4 Nc5
42. Ng6 Rxg6 43. fxg6 Qxg6 44. Qe3 Rf7 45. Qf3 Rc7 46. Rf5 Bg7 47. Ke2 Kd8 48.
Rd1 Kc8 49. Nh1 Kb7 50. Ng3 Nd7 51. Rh5 Nc5 52. Kf2 Nd3+ 53. Rxd3 cxd3 54. Nf5
Bf8 55. Ke3 b4 56. Kxd3 bxa3 57. bxa3 Qe8 58. c4 Ka6 59. Ne3 Qb8 60. Qd1 Rc5
61. Qxa4+ Ra5 62. Qb4 Qa7 63. Rh1 h5 64. Rb1 hxg4 65. c5 Qc7 66. c6 g3 67. Nc4
1-0

[Event "Calvia ol (Men)"]
[Site "Mallorca (Spain)"]
[Date "2004.10.25"]
[Round "10.64"]
[White "Zoltek, Tadeusz"]
[Black "Lehtinen, Heikki"]
[Result "0-1"]
[WhiteElo "2313"]
[BlackElo "2420"]
[PlyCount "156"]
[EventDate "2004.10.15"]

1. c4 g6 2. Nc3 Bg7 3. g3 c5 4. Bg2 Nc6 5. d3 a6 6. Rb1 Rb8 7. a4 d6 8. Bd2 e6
9. Nf3 Nge7 10. O-O O-O 11. Qc1 Nf5 12. Re1 b6 13. Nh4 Nfd4 14. Bh6 Nb3 15. Qd1
Bxh6 16. Qxb3 Bb7 17. Qd1 f5 18. e3 Bg7 19. Nf3 Qf6 20. d4 Nb4 21. dxc5 dxc5
22. Qe2 g5 23. Red1 Rfd8 24. Rxd8+ Rxd8 25. Rd1 a5 26. Rd2 Qe7 27. Qd1 Rxd2 28.
Qxd2 Bc6 29. b3 Bf6 30. Ne1 Qd7 31. Qxd7 Bxd7 32. Ne2 Kf7 33. Nc1 Bc3 34. Ned3
Nc6 35. Ne2 Ba1 36. f4 Kf6 37. Kf2 h6 38. Ke1 e5 39. Bd5 exf4 40. gxf4 g4 41.
Kf2 Ne7 42. Bb7 h5 43. Kg3 Ng6 44. e4 h4+ 45. Kf2 fxe4 46. Bxe4 Bf5 47. Ke3 Ne7
48. Bb7 Bd7 49. Nf2 Nf5+ 50. Kd2 Nd6 51. Bd5 Kf5 52. Ke3 Bd4+ 53. Nxd4+ cxd4+
54. Kxd4 Kxf4 55. Nd3+ Kf5 56. c5 bxc5+ 57. Kxc5 Ne4+ 58. Kb6 Be6 59. Bxe6+
Kxe6 60. Nf4+ Kf5 61. Ne2 g3 62. h3 Ng5 63. Kxa5 Ke4 64. Kb6 Ke3 65. Ng1 Kf2
66. a5 Kxg1 67. a6 g2 68. a7 Kh2 69. a8=Q g1=Q+ 70. Kb5 Qf1+ 71. Kb4 Qe1+ 72.
Kb5 Qe5+ 73. Kb6 Qe3+ 74. Ka5 Qc3+ 75. Kb5 Qxb3+ 76. Kc5 Qc3+ 77. Kd6 Qd4+ 78.
Kc7 Ne6+ 0-1

[Event "Calvia ol (Men)"]
[Site "Mallorca (Spain)"]
[Date "2004.10.25"]
[Round "10.64"]
[White "Maki-Uuro, Miikka"]
[Black "Pohlers, Rolf"]
[Result "1/2-1/2"]
[WhiteElo "2390"]
[BlackElo "2148"]
[PlyCount "49"]
[EventDate "2004.10.15"]

1. Nf3 d5 2. d4 Nf6 3. c4 c6 4. e3 e6 5. Nbd2 Nbd7 6. Bd3 Bd6 7. O-O O-O 8. e4
dxe4 9. Nxe4 Nxe4 10. Bxe4 Nf6 11. Bc2 b6 12. Bg5 Bb7 13. Qd3 g6 14. Rad1 Be7
15. h4 c5 16. Qc3 Qc7 17. dxc5 Ng4 18. Bxe7 Qxe7 19. cxb6 axb6 20. Rd4 h5 21.
Ng5 Qc7 22. Rxg4 hxg4 23. h5 Qf4 24. h6 e5 25. Qe3 1/2-1/2

[Event "Calvia ol (Women)"]
[Site "Mallorca (Spain)"]
[Date "2004.10.25"]
[Round "10.20"]
[White "Siti, Zulaikha"]
[Black "Sammalvuo, Niina"]
[Result "0-1"]
[WhiteElo "2162"]
[BlackElo "2282"]
[PlyCount "176"]
[EventDate "2004.10.15"]

1. e4 e5 2. Nf3 Nc6 3. Bb5 a6 4. Ba4 Nf6 5. O-O Be7 6. Re1 b5 7. Bb3 d6 8. c3
O-O 9. h3 Nb8 10. d4 Nbd7 11. Nbd2 Bb7 12. Bc2 Re8 13. Nf1 Bf8 14. Ng3 g6 15.
a4 c5 16. d5 c4 17. Bg5 h6 18. Be3 Nc5 19. Qd2 h5 20. Bg5 Be7 21. Ra3 Nh7 22.
Be3 Bf6 23. Nf1 Rb8 24. axb5 axb5 25. g4 hxg4 26. hxg4 Bc8 27. N1h2 Bd7 28. Kg2
Qc8 29. Kg3 Ra8 30. Rxa8 Qxa8 31. Rh1 Qa2 32. Bb1 Qb3 33. Bxc5 dxc5 34. g5 Bd8
35. Ng4 Bxg4 36. Kxg4 Qa4 37. Rh6 Qa7 38. Qc1 Kg7 39. Qh1 Qd7+ 40. Kg3 Nxg5 41.
Nxg5 Bxg5 42. Rh7+ Kf6 43. Kf3 Qc8 44. Bc2 Rg8 45. Bd1 Ke7 46. Be2 Bf6 47. d6+
Kf8 48. Kg3 Qd8 49. Qh6+ Bg7 50. Qd2 Rh8 51. Rxh8+ Bxh8 52. Bg4 Bf6 53. d7 Kg7
54. Kg2 Qh8 55. Qe3 Qh4 56. f3 Be7 57. Bh3 Qg5+ 58. Qxg5 Bxg5 59. Kf2 Kh6 60.
Bg4 Bd8 61. Bh3 Kg5 62. Kg3 f5 63. exf5 gxf5 64. Bf1 Bc7 65. Kf2 Kf4 66. Bg2
Bd8 67. Bh3 Kg5 68. Kg3 Kf6 69. Bf1 Ke6 70. Bh3 Bg5 71. Kf2 Kxd7 72. Bxf5+ Kd6
73. Ke2 Bc1 74. Kd1 Bxb2 75. Kc2 Ba3 76. Bh7 Ke6 77. Kb1 Kf6 78. Be4 Kg5 79.
Bc6 b4 80. Bd5 Kf4 81. Kc2 Ke3 82. cxb4 Kd4 83. Be6 cxb4 84. Kb1 b3 85. Bf7 Kc3
86. Be6 Bc5 87. Bf7 Kb4 88. Be6 c3 0-1

[Event "Calvia ol (Women)"]
[Site "Mallorca (Spain)"]
[Date "2004.10.25"]
[Round "10.20"]
[White "Puuska, Heini"]
[Black "Nur Shazwani, Zullkafli"]
[Result "0-1"]
[WhiteElo "2023"]
[BlackElo "2062"]
[PlyCount "94"]
[EventDate "2004.10.15"]

1. d4 d5 2. c4 e6 3. Nc3 Nf6 4. cxd5 exd5 5. Bg5 Be7 6. e3 O-O 7. Bd3 b6 8.
Nge2 Bb7 9. Qc2 Nbd7 10. Ng3 Re8 11. Nf5 Bf8 12. Nb5 a6 13. Qxc7 axb5 14. Qxb7
b4 15. O-O Ra5 16. Rfc1 Qa8 17. Qxa8 Rexa8 18. Bxf6 Nxf6 19. Bb1 g6 20. Ng3 b5
21. b3 Ra3 22. Bd3 Rxa2 23. Rxa2 Rxa2 24. Bxb5 Rb2 25. Ba4 Bd6 26. f3 Kg7 27.
Rc6 Rb1+ 28. Nf1 Bxh2+ 29. Kxh2 Rxf1 30. Rb6 Re1 31. Rxb4 Rxe3 32. Bc6 Rd3 33.
Kg1 h5 34. Kf1 Rd2 35. g3 g5 36. Ra4 h4 37. f4 gxf4 38. gxh4 f3 39. Ra1 Ne4 40.
Bxd5 Ng3+ 41. Ke1 Re2+ 42. Kd1 f2 43. Bg2 Re1+ 44. Kc2 Rxa1 45. b4 Rg1 46. Bh3
Rh1 47. Bg2 Rh2 0-1

[Event "Calvia ol (Men)"]
[Site "Mallorca (Spain)"]
[Date "2004.10.26"]
[Round "11.28"]
[White "Zilberman, Nathan R"]
[Black "Nyback, Tomi"]
[Result "1/2-1/2"]
[WhiteElo "2338"]
[BlackElo "2554"]
[PlyCount "123"]
[EventDate "2004.10.15"]

1. d4 Nf6 2. Nf3 e6 3. Bg5 c5 4. e3 Qb6 5. Qc1 Ne4 6. Bf4 Nc6 7. c3 d5 8. Bd3
Be7 9. h3 Bd7 10. Nbd2 f5 11. Ne5 Nxe5 12. Bxe5 O-O 13. f3 Bh4+ 14. Ke2 Nf2 15.
g3 Nxd3 16. Kxd3 Bb5+ 17. Kc2 Be7 18. Qg1 Rac8 19. g4 Bd6 20. Bxd6 Qxd6 21. f4
cxd4 22. exd4 fxg4 23. hxg4 Be8 24. Qh2 Bg6+ 25. f5 Qxh2 26. Rxh2 exf5 27. g5
Rce8 28. Nf3 f4+ 29. Kd2 Re3 30. Rf1 Be4 31. Rhf2 Rxf3 32. Rxf3 Bxf3 33. Rxf3
Rf5 34. Kd3 Kf7 35. c4 Kg6 36. cxd5 Kxg5 37. Ke4 g6 38. d6 Kf6 39. d5 Kf7 40.
Rc3 Ke8 41. Kf3 Rxd5 42. Rc8+ Kd7 43. Rc7+ Kxd6 44. Rxb7 g5 45. Rxh7 a5 46. Kg4
Kc5 47. Rb7 Kc4 48. a4 Re5 49. b3+ Kd4 50. b4 Re1 51. Rd7+ Kc4 52. bxa5 Rg1+
53. Kf3 Rg3+ 54. Ke4 Re3+ 55. Kf5 Re8 56. Kg4 Rf8 57. a6 f3 58. a7 f2 59. Rd1
Ra8 60. Rf1 Rxa7 61. Rxf2 Rxa4 62. Kxg5 1/2-1/2

[Event "Calvia ol (Men)"]
[Site "Mallorca (Spain)"]
[Date "2004.10.26"]
[Round "11.28"]
[White "Sammalvuo, Tapani"]
[Black "Ilinsky, Vladimir"]
[Result "0-1"]
[WhiteElo "2438"]
[BlackElo "2331"]
[PlyCount "74"]
[EventDate "2004.10.15"]

1. e4 e5 2. Nf3 Nc6 3. Bb5 a6 4. Ba4 Nf6 5. O-O Be7 6. Re1 b5 7. Bb3 d6 8. c3
O-O 9. h3 Na5 10. Bc2 c5 11. d4 Qc7 12. Nbd2 Bd7 13. Nf1 Nc4 14. Ng3 g6 15. b3
Nb6 16. Bh6 Rfe8 17. d5 c4 18. b4 a5 19. a3 Ra7 20. Rc1 axb4 21. axb4 Rea8 22.
Ng5 Bf8 23. Bxf8 Rxf8 24. f4 exf4 25. Qf3 fxg3 26. Qxf6 Bc8 27. Ra1 Nd7 28. Qd4
Rxa1 29. Rxa1 Ne5 30. Qe3 h6 31. Nf3 Nxf3+ 32. Qxf3 Qb6+ 33. Kh1 Qf2 34. Qxf2
gxf2 35. Rf1 f5 36. Rxf2 fxe4 37. Kg1 Bf5 0-1

[Event "Calvia ol (Men)"]
[Site "Mallorca (Spain)"]
[Date "2004.10.26"]
[Round "11.28"]
[White "Shukuraliev, Algis"]
[Black "Karttunen, Mika"]
[Result "0-1"]
[WhiteElo "2248"]
[BlackElo "2413"]
[PlyCount "70"]
[EventDate "2004.10.15"]

1. e4 c5 2. Nf3 e6 3. d4 cxd4 4. Nxd4 a6 5. Nc3 Qc7 6. a3 b5 7. Bd3 Bc5 8. Nb3
Be7 9. O-O Nf6 10. f4 Bb7 11. Be3 d6 12. Qf3 Nbd7 13. Qg3 g6 14. Rae1 Rc8 15.
Kh1 d5 16. exd5 Nxd5 17. Bd4 O-O 18. Ne4 N7f6 19. Be5 Nxe4 20. Bxe4 Bd6 21. Nd4
Rce8 22. c3 Re7 23. Qh4 Bxe5 24. fxe5 Qxe5 25. Bxg6 Qg7 26. Be4 f5 27. Rf3 Kh8
28. Ref1 Rf6 29. Bxf5 exf5 30. Nxf5 Rxf5 31. Rxf5 Nf4 32. Qg3 Bxg2+ 33. Kg1
Bxf1 34. Qxg7+ Kxg7 35. Kxf1 Rf7 0-1

[Event "Calvia ol (Men)"]
[Site "Mallorca (Spain)"]
[Date "2004.10.26"]
[Round "11.28"]
[White "Lehtinen, Heikki"]
[Black "Turpanov, Milan"]
[Result "1/2-1/2"]
[WhiteElo "2420"]
[BlackElo "2307"]
[PlyCount "77"]
[EventDate "2004.10.15"]

1. c4 c5 2. g3 g6 3. Bg2 Bg7 4. Nc3 Nc6 5. a3 a5 6. Nf3 e5 7. d3 Nge7 8. Nd2 d6
9. Nf1 O-O 10. Ne3 h6 11. O-O Kh7 12. Rb1 Rb8 13. Ned5 Bg4 14. h3 Be6 15. Bd2
b6 16. b4 axb4 17. axb4 cxb4 18. Nb5 Qd7 19. Nxe7 Nxe7 20. Bxb4 Nc8 21. Kh2 f5
22. Qc2 Rd8 23. Nc3 Ne7 24. Ba3 e4 25. dxe4 Rdc8 26. Nb5 Rxc4 27. Qd3 fxe4 28.
Qxd6 Qxd6 29. Bxd6 Rb7 30. Bxe7 Rxe7 31. Nd6 Rc2 32. Rxb6 Bd4 33. Bxe4 Rxe2 34.
Bf3 Rxf2+ 35. Rxf2 Bxf2 36. Rb2 Bc5 37. Ne4 Bd4 38. Re2 Kg7 39. Nf2 1/2-1/2

[Event "Calvia ol (Men)"]
[Site "Mallorca (Spain)"]
[Date "2004.10.26"]
[Round "11.47"]
[White "Antonio, Rogelio"]
[Black "Pukkila, Markku"]
[Result "1-0"]
[WhiteElo "2524"]
[BlackElo "2181"]
[PlyCount "75"]
[EventDate "2004.10.15"]

1. e4 c5 2. Nf3 d6 3. c3 Nf6 4. Be2 g6 5. O-O Bg7 6. Bb5+ Bd7 7. Bxd7+ Qxd7 8.
Re1 Nc6 9. d4 cxd4 10. cxd4 d5 11. e5 Ne4 12. Nbd2 Nxd2 13. Bxd2 e6 14. b4 Ne7
15. a4 O-O 16. b5 Rfc8 17. Qb3 Rc4 18. h3 Rac8 19. g4 h6 20. Qd3 Qc7 21. Reb1
Bf8 22. a5 Qd7 23. Rb3 Ra8 24. Rab1 Rc7 25. Bb4 Nc8 26. Bxf8 Kxf8 27. Qd2 Kg7
28. Qf4 a6 29. b6 Rc6 30. Ne1 Qe7 31. Rf3 g5 32. Qd2 Rc4 33. h4 Qd8 34. Rf6 Ne7
35. hxg5 hxg5 36. Qxg5+ Ng6 37. Nf3 Qh8 38. Kg2 1-0

[Event "Calvia ol (Women)"]
[Site "Mallorca (Spain)"]
[Date "2004.10.26"]
[Round "11.20"]
[White "Sammalvuo, Niina"]
[Black "Dembo, Yelena"]
[Result "1/2-1/2"]
[WhiteElo "2282"]
[BlackElo "2396"]
[PlyCount "50"]
[EventDate "2004.10.15"]

1. e4 c5 2. Nf3 Nc6 3. d4 cxd4 4. Nxd4 Nf6 5. Nc3 d6 6. Be2 e5 7. Nf3 h6 8. O-O
Be7 9. Re1 O-O 10. h3 Be6 11. Bf1 Rc8 12. b3 a6 13. Bb2 Qa5 14. a3 Nb8 15. Qd2
Qc5 16. Rac1 Qc6 17. a4 Nbd7 18. Qe3 Bd8 19. Nd2 Ba5 20. Ncb1 d5 21. exd5 Nxd5
22. Qg3 f6 23. c4 Nf4 24. Ba3 Bc7 25. Qf3 Qxf3 1/2-1/2

[Event "Calvia ol (Women)"]
[Site "Mallorca (Spain)"]
[Date "2004.10.26"]
[Round "11.20"]
[White "Makropoulou, Marina"]
[Black "Puuska, Heini"]
[Result "1-0"]
[WhiteElo "2270"]
[BlackElo "2023"]
[PlyCount "69"]
[EventDate "2004.10.15"]

1. e4 e6 2. d4 d5 3. Nc3 dxe4 4. Nxe4 Bd7 5. Nf3 Bc6 6. Bd3 Nd7 7. O-O Ngf6 8.
Ng3 g6 9. c4 Bg7 10. d5 exd5 11. Re1+ Kf8 12. Nd4 Nc5 13. Nxc6 bxc6 14. Be2
Nce4 15. Qa4 Qd6 16. Bf3 h5 17. cxd5 Nxg3 18. Bf4 Qc5 19. Bxg3 Re8 20. dxc6
Rxe1+ 21. Rxe1 Ne8 22. Qe4 Nf6 23. Qd3 Kg8 24. Bxc7 Ng4 25. Bg3 h4 26. Qd8+ Bf8
27. Bxh4 Nxh2 28. c7 Nxf3+ 29. gxf3 Qa5 30. Qxf8+ Kxf8 31. c8=Q+ Kg7 32. Bf6+
Kxf6 33. Qxh8+ Kf5 34. Qc8+ Kg5 35. Qc3 1-0

[Event "Calvia ol (Women)"]
[Site "Mallorca (Spain)"]
[Date "2004.10.26"]
[Round "11.20"]
[White "Rautanen, Sari"]
[Black "Fakhiridou, Ekaterini"]
[Result "0-1"]
[WhiteElo "1974"]
[BlackElo "2258"]
[PlyCount "74"]
[EventDate "2004.10.15"]

1. e4 c5 2. Nf3 e6 3. d3 Nc6 4. g3 g6 5. Bg2 Bg7 6. O-O Nge7 7. c3 d5 8. Nbd2
O-O 9. Re1 Rb8 10. Qe2 b6 11. Nf1 d4 12. c4 e5 13. Nh4 Be6 14. h3 a6 15. b3 Qd7
16. g4 Qc7 17. Bd2 Nd8 18. Ng3 Bd7 19. Qf1 Ne6 20. Ne2 Bf6 21. Nf3 Nc6 22. g5
Bg7 23. a3 b5 24. Rab1 bxc4 25. bxc4 Na5 26. Rxb8 Rxb8 27. Rb1 Nb3 28. h4 a5
29. Qd1 a4 30. Be1 Rb7 31. Nd2 Qb8 32. Nc1 Nxc1 33. Rxb7 Qxb7 34. Qxc1 Nf4 35.
Bf1 Bh3 36. Qc2 Bxf1 37. Kxf1 Qd7 0-1

[Event "Calvia ol (Men)"]
[Site "Mallorca (Spain)"]
[Date "2004.10.27"]
[Round "12.28"]
[White "Nyback, Tomi"]
[Black "Michelakis, George"]
[Result "1-0"]
[WhiteElo "2554"]
[BlackElo "2438"]
[PlyCount "73"]
[EventDate "2004.10.15"]

1. d4 Nf6 2. c4 e6 3. Nf3 Bb4+ 4. Bd2 Qe7 5. a3 Bxd2+ 6. Qxd2 d6 7. Nc3 e5 8.
g3 e4 9. Nh4 c5 10. d5 h6 11. Ng2 Bf5 12. Ne3 Bh7 13. Bh3 Nbd7 14. O-O O-O 15.
b4 b6 16. Rae1 Qe5 17. f4 exf3 18. exf3 Qh5 19. Ne2 Ne5 20. Nf4 Nxf3+ 21. Rxf3
Qxf3 22. Bg2 Ne4 23. Qb2 Qf2+ 24. Qxf2 Nxf2 25. Kxf2 Rfe8 26. Bh3 Re7 27. Ne2
cxb4 28. axb4 a5 29. c5 bxc5 30. bxc5 dxc5 31. d6 Ree8 32. d7 Red8 33. Nc3 f5
34. Rd1 a4 35. Nxf5 Bxf5 36. Bxf5 Rf8 37. Ke3 1-0

[Event "Calvia ol (Men)"]
[Site "Mallorca (Spain)"]
[Date "2004.10.27"]
[Round "12.28"]
[White "Kobese, Watu"]
[Black "Lehtinen, Heikki"]
[Result "0-1"]
[WhiteElo "2408"]
[BlackElo "2420"]
[PlyCount "138"]
[EventDate "2004.10.15"]

1. e4 g6 2. d4 Bg7 3. Nf3 d6 4. h3 Nf6 5. Nc3 O-O 6. Be3 a6 7. a4 b6 8. Bd3 Bb7
9. O-O Nbd7 10. Nd2 e5 11. dxe5 Nxe5 12. Be2 Re8 13. f4 Ned7 14. Bf3 Nc5 15. e5
dxe5 16. fxe5 Rxe5 17. Bxc5 Bxf3 18. Qxf3 Rxc5 19. Rad1 Qf8 20. Nb3 Rc4 21. Qd3
Rc6 22. Qf3 Re6 23. Qb7 Qc8 24. Qf3 Qe8 25. Nd4 Rd6 26. Rde1 Qf8 27. Nb3 c6 28.
a5 b5 29. Qf2 Nd5 30. Ne4 Re6 31. c3 Bh6 32. Nbc5 Re7 33. h4 Rae8 34. b4 Bg7
35. Ng5 Rxe1 36. Rxe1 Rxe1+ 37. Qxe1 Bxc3 38. Qf1 Nxb4 39. Nce4 Bd4+ 40. Kh1
Nd5 41. h5 Qe7 42. Qd3 Be3 43. Nf3 Bh6 44. hxg6 hxg6 45. Qd4 Bg7 46. Qd3 b4 47.
Ned2 Qb7 48. Nb3 Qb5 49. Qe4 Bf6 50. Nfd2 Kg7 51. g4 Nc3 52. Qc4 Qxc4 53. Nxc4
Na4 54. Kg2 Nb2 55. Nb6 Be7 56. Nd7 f6 57. Kf3 Bd6 58. Ke4 Kf7 59. Ndc5 Bxc5
60. Nxc5 Nc4 61. Nb3 Nd6+ 62. Kd4 Nb7 63. Kc4 Ke6 64. Kxb4 Kd5 65. Na1 c5+ 66.
Ka3 f5 67. g5 f4 68. Nc2 f3 69. Ne3+ Ke4 0-1

[Event "Calvia ol (Men)"]
[Site "Mallorca (Spain)"]
[Date "2004.10.27"]
[Round "12.28"]
[White "Maki-Uuro, Miikka"]
[Black "Solomon, Kenny"]
[Result "1-0"]
[WhiteElo "2390"]
[BlackElo "2358"]
[PlyCount "99"]
[EventDate "2004.10.15"]

1. Nf3 Nf6 2. c4 c5 3. Nc3 Nc6 4. g3 d5 5. d4 cxd4 6. Nxd4 dxc4 7. Nxc6 Qxd1+
8. Nxd1 bxc6 9. Bg2 Nd5 10. Ne3 e6 11. Nxc4 Ba6 12. Na5 Rc8 13. Bd2 Be7 14. Rc1
c5 15. a3 O-O 16. e4 Nb6 17. e5 Nd5 18. Bf1 Bxf1 19. Rxf1 f6 20. exf6 gxf6 21.
Ke2 Rc7 22. g4 Rb8 23. Rc2 Kf7 24. Rfc1 Rbc8 25. Kf3 Bf8 26. Ke4 Be7 27. h3 Bf8
28. f4 f5+ 29. Kf3 Bg7 30. Nc4 Rb8 31. b4 cxb4 32. Nd6+ Ke7 33. Nxf5+ exf5 34.
Rxc7+ Nxc7 35. Rxc7+ Kd6 36. Rxg7 b3 37. Bc3 b2 38. Bxb2 Rb3+ 39. Kg2 Rxb2+ 40.
Kg3 Rb3+ 41. Kh4 Rxa3 42. Rxh7 Ke6 43. Kg5 Ra5 44. Kg6 fxg4 45. hxg4 Ra4 46.
f5+ Ke5 47. g5 Ra5 48. f6 Kf4 49. Rh4+ Kg3 50. Rc4 1-0

[Event "Calvia ol (Men)"]
[Site "Mallorca (Spain)"]
[Date "2004.10.27"]
[Round "12.28"]
[White "Solomons, Deon"]
[Black "Molander, Riku"]
[Result "1/2-1/2"]
[WhiteElo "2249"]
[BlackElo "2328"]
[PlyCount "89"]
[EventDate "2004.10.15"]

1. d4 e6 2. Nf3 Nf6 3. c4 c5 4. e3 cxd4 5. exd4 d5 6. a3 Be7 7. Bd3 dxc4 8.
Bxc4 O-O 9. O-O b6 10. Qe2 Bb7 11. Nc3 Nc6 12. Rd1 Rc8 13. Ba2 Rc7 14. Be3 Rd7
15. Rac1 Qa8 16. d5 exd5 17. Nxd5 Nxd5 18. Bxd5 Bf6 19. Ba2 Rfd8 20. Rxd7 Rxd7
21. h3 Ne5 22. Nxe5 Bxe5 23. Qg4 Qd8 24. Bg5 h5 25. Qxh5 Bf6 26. Bxf6 Qxf6 27.
Re1 Rd8 28. Re5 g6 29. Qe2 Rd7 30. Qe3 Kg7 31. Kh2 Rd3 32. Qe2 Qf4+ 33. Kg1
Qc1+ 34. Kh2 Qf4+ 35. Kg1 Qc1+ 36. Kh2 Qf4+ 37. Kg1 Rd2 38. Qe1 Rxb2 39. Re2
Rxe2 40. Qxe2 Qc1+ 41. Kh2 Qf4+ 42. Kg1 Qc1+ 43. Kh2 Qf4+ 44. Kg1 Qc1+ 45. Kh2
1/2-1/2

[Event "Calvia ol (Men)"]
[Site "Mallorca (Spain)"]
[Date "2004.10.27"]
[Round "12.47"]
[White "Pukkila, Markku"]
[Black "Sorin, Ariel"]
[Result "0-1"]
[WhiteElo "2181"]
[BlackElo "2509"]
[PlyCount "88"]
[EventDate "2004.10.15"]

1. e4 e5 2. Nf3 Nc6 3. Bc4 Bc5 4. c3 Nf6 5. d3 a6 6. Bb3 d6 7. O-O Ba7 8. Nbd2
O-O 9. h3 Ne7 10. Re1 Ng6 11. Nf1 Re8 12. Ng3 h6 13. Be3 Bxe3 14. Rxe3 Nf4 15.
d4 Nd7 16. dxe5 dxe5 17. Nf5 Qf6 18. Nh2 Nf8 19. Ng4 Qc6 20. Rg3 Bxf5 21. exf5
h5 22. Ne3 Rad8 23. Qc2 Nd7 24. f6 Qxf6 25. Nf5 g5 26. h4 g4 27. f3 Kh8 28.
fxg4 hxg4 29. Rxg4 Rg8 30. Rxg8+ Rxg8 31. g3 Nh5 32. Kg2 Nc5 33. Rf1 Nxg3 34.
Nxg3 Rxg3+ 35. Kxg3 Qxf1 36. Bd5 Qf4+ 37. Kh3 e4 38. Qd1 Qf5+ 39. Kg2 Nd3 40.
Bxb7 Qf2+ 41. Kh3 Nf4+ 42. Kg4 Ne6 43. Kh3 f5 44. Qh5+ Kg7 0-1

[Event "Calvia ol (Women)"]
[Site "Mallorca (Spain)"]
[Date "2004.10.27"]
[Round "12.26"]
[White "Sammalvuo, Niina"]
[Black "Ptacnikova, Lenka"]
[Result "1/2-1/2"]
[WhiteElo "2282"]
[BlackElo "2257"]
[PlyCount "83"]
[EventDate "2004.10.15"]

1. e4 c5 2. Nf3 Nc6 3. d4 cxd4 4. Nxd4 Nf6 5. Nc3 e6 6. Ndb5 Bb4 7. a3 Bxc3+ 8.
Nxc3 d5 9. exd5 exd5 10. Bd3 O-O 11. O-O d4 12. Ne2 Bg4 13. f3 Bh5 14. b4 a6
15. Nf4 Bg6 16. Nxg6 fxg6 17. f4 Qd5 18. f5 gxf5 19. Rxf5 Ne5 20. Bf4 Nfd7 21.
Bxe5 Rxf5 22. Bxf5 Nxe5 23. Bd3 Nc4 24. Qf3 Qxf3 25. Bxc4+ Qf7 26. Bxf7+ Kxf7
27. Rd1 Rd8 28. c3 Rc8 29. Rf1+ Ke6 30. cxd4 Rc3 31. d5+ Ke7 32. d6+ Kxd6 33.
Rf7 Rc7 34. Rf3 Rc2 35. h3 Ke6 36. Kh2 b5 37. h4 g6 38. Kh3 Rc4 39. g4 Ke5 40.
h5 gxh5 41. gxh5 h6 42. Kg3 1/2-1/2

[Event "Calvia ol (Women)"]
[Site "Mallorca (Spain)"]
[Date "2004.10.27"]
[Round "12.26"]
[White "Gretarsdottir, Lilja"]
[Black "Rantanen, Tanja"]
[Result "0-1"]
[WhiteElo "2057"]
[BlackElo "2128"]
[PlyCount "108"]
[EventDate "2004.10.15"]

1. e4 c5 2. c3 Nf6 3. e5 Nd5 4. Nf3 e6 5. Bc4 Nb6 6. Bb3 c4 7. Bc2 d6 8. exd6
Bxd6 9. O-O O-O 10. d3 Be7 11. d4 N8d7 12. Qe2 Re8 13. Nbd2 Qc7 14. Ne5 Nxe5
15. dxe5 Bd7 16. Re1 Rac8 17. Qh5 g6 18. Qh3 Bc6 19. Qg3 Bf8 20. h4 h5 21. Be4
Red8 22. Bc2 Bg7 23. Nf1 Nd5 24. Bg5 Ne7 25. Qh3 Rd7 26. Qe3 b6 27. Nd2 Bd5 28.
Bf6 Nf5 29. Bxf5 exf5 30. Qg5 Qc6 31. Bxg7 Kxg7 32. f3 Qc5+ 33. Kh2 Rc6 34. Re2
Re6 35. Rae1 Bb7 36. f4 Rd3 37. Nf1 Qe7 38. Qxe7 Rxe7 39. Ne3 Ba6 40. Nc2 Bb7
41. Nd4 Be4 42. Nb5 Bc6 43. Nd6 b5 44. a4 a6 45. axb5 axb5 46. Ra1 Rxd6 47.
exd6 Rxe2 48. Ra6 Bd7 49. Ra7 Be6 50. Rb7 Rxb2 51. d7 Rd2 52. Rxb5 Bxd7 53. Rc5
Be6 54. Ra5 Rc2 0-1

[Event "Calvia ol (Women)"]
[Site "Mallorca (Spain)"]
[Date "2004.10.27"]
[Round "12.26"]
[White "Puuska, Heini"]
[Black "Ingolfsdottir, Harpa"]
[Result "1-0"]
[WhiteElo "2023"]
[BlackElo "2053"]
[PlyCount "116"]
[EventDate "2004.10.15"]

1. d4 d5 2. c4 c6 3. e3 Nf6 4. Nc3 e6 5. Nf3 Nbd7 6. b3 Bb4 7. Bd2 Qe7 8. Ne5
Bxc3 9. Bxc3 Ne4 10. Qc2 Nxe5 11. dxe5 O-O 12. Bd3 Nxc3 13. Qxc3 Qg5 14. O-O f6
15. f4 Qh5 16. Rf3 Qf7 17. e4 Qe7 18. cxd5 exd5 19. exd5 fxe5 20. dxc6 exf4 21.
Re1 Qc7 22. Qc4+ Kh8 23. Rxf4 Rd8 24. Ref1 Qd6 25. Qe4 g6 26. cxb7 Bxb7 27.
Qxb7 Qxd3 28. Rf7 g5 29. Qe7 Qg6 30. Qe5+ Kg8 31. R7f6 Qg7 32. Qe6+ Kh8 33. Rf7
Qd4+ 34. Kh1 Rg8 35. Qh6 Rg7 36. Rf8+ Rxf8 37. Rxf8+ Rg8 38. Rxg8+ Kxg8 39.
Qxg5+ Kf7 40. Qf5+ Kg7 41. Qb1 h6 42. b4 Kf6 43. a4 Ke6 44. h3 h5 45. Qg6+ Kd5
46. Qg8+ Kc6 47. Qc8+ Kb6 48. Qb8+ Kc6 49. Qc8+ Kb6 50. Qb8+ Kc6 51. Qc8+ Kb6
52. Qc5+ Qxc5 53. bxc5+ Kxc5 54. g4 hxg4 55. hxg4 Kd5 56. Kg2 Ke5 57. Kg3 Kf6
58. a5 Ke6 1-0

[Event "Calvia ol (Men)"]
[Site "Mallorca (Spain)"]
[Date "2004.10.28"]
[Round "13.19"]
[White "Nyback, Tomi"]
[Black "Fridman, Daniel"]
[Result "1-0"]
[WhiteElo "2554"]
[BlackElo "2578"]
[PlyCount "79"]
[EventDate "2004.10.15"]

1. d4 d5 2. Nf3 Nf6 3. c4 c6 4. Nc3 e6 5. Bg5 Nbd7 6. e3 Qa5 7. cxd5 Nxd5 8.
Qd2 Bb4 9. Rc1 h6 10. Bh4 c5 11. a3 Bxc3 12. bxc3 b6 13. Bd3 Ba6 14. O-O cxd4
15. Bxa6 Qxa6 16. Qxd4 O-O 17. e4 Nf4 18. Qxd7 Ne2+ 19. Kh1 Nxc1 20. Rxc1 Qxa3
21. Qd2 Rac8 22. Nd4 a6 23. f4 b5 24. Ne2 a5 25. Rb1 Rc4 26. Rxb5 Qa1+ 27. Be1
Rxe4 28. Rb2 Qa3 29. Bf2 a4 30. h3 Ra8 31. Bd4 Qa1+ 32. Kh2 a3 33. Ra2 Qf1 34.
Qd3 Rxe2 35. Rxe2 e5 36. Qe4 Ra5 37. Bxe5 a2 38. Rd2 f6 39. Qg6 Ra8 40. Rd7 1-0